Statistiken für Kader FC Hansa Rostock

Klicken Sie hier um das Quiz zu spielen!

Allgemein

  • Dieses Quiz wurde 98 mal gespielt
  • Das Durchschnittsergebnis liegt bei 16 aus 31

Antwortstatistiken

#Spieler% Korrekt
1Markus Kolke
97%
19Kai Pröger
80%
18John Verhoek
79%
4Damian Roßbach
73%
7Nico Neidhart
73%
14Svante Ingelsson
69%
6Dennis Dressel
63%
16Ryan Malone
63%
39Pascal Breier
60%
5Rick van Drongelen
60%
13Kevin Schumacher
57%
34Lukas Fröde
57%
8Simon Rhein
57%
15Nils Fröling
56%
Patrick Glöckner
54%
22Lukas Hinterseer
53%
20Lukas Scherff
51%
30Max Hagemoser
46%
17Dong-gyeong Lee
44%
23Nils-Jonathan Körber
43%
9Ridge Munsy
43%
21Anderson Lucoqui
40%
25Thomas Meißner
40%
10Haris Duljevic
37%
11Morris Schröter
36%
29Sebastien Thill
34%
24John-Patrick Strauß
31%
32Benno Dietze
29%
27Frederic Ananou
29%
31Felix Ruschke
27%
28Maurice Litka
21%

Verteilung der Resultate

Perzentil nach korrekt beantworteten Fragen

Anzahl Personen mit jedem Resultat

Ihre Resultats-Entwicklung

Sie haben dieses Quiz noch nicht gespielt